000 00811cam a2200265 4500
999 _c21707
_d21707
001 798198
003 BDDh-ASL
005 20231015030030.0
008 711116s1971 ii b 000 0 eng
010 _a 74920535
040 _aDLC
_cDLC
_dDLC
_dBDDh-ASL
043 _aa-ii---
_aa-pk---
050 0 0 _aDS485.K2
_bK214
082 0 0 _a954.6
_bKAH
100 1 _aKapur, Manohar Lal,
_d1929-
245 1 2 _aA history of medieval Kashmir, 1320-1586 A.D. /
_c[by] M. L. Kapur.
250 _a[1st ed.]
260 _aJammu :
_bA.R.B. Publications; sole distributors: Sterling Publishers, New Delhi,
_c1971.
300 _a266 p. :
_c23 cm.
350 _aRs25.00
504 _aBibliography: p. 264-266.
651 0 _aKashmir
_xHistory.
906 _a7
_bcbc
_corignew
_d4
_encip
_f19
_gy-gencatlg
942 _2ddc
_cBK